| 000 | 00714nam a2200217Ia 4500 | ||
|---|---|---|---|
| 008 | 191130s1997##################000#0#eng## | ||
| 020 | _a0521584302 | ||
| 022 | _a97011308 | ||
| 040 |
_aACL _cACL |
||
| 082 | _aBX1076 .M37 1997 270.2/092 | ||
| 100 | _aMarkus, R. A | ||
| 245 |
_aGregory the great and his world _cR.A. Markus |
||
| 260 |
_aCambridge _bCambridge University Press _c1997 |
||
| 300 | _axxiii, 241 p. : maps ; 23 cm | ||
| 500 | _aIncludes bibliographical references (p. 211-224) and indexes | ||
| 650 | _aChurch history - Primitive and early church, ca. 30-600 | ||
| 650 | _aGregory I, Pope, ca. 540-604 | ||
| 990 | _ab777c5f7ac10000c7329b1cae24d381f | ||
| 991 | _a111587 | ||
| 999 |
_c266322 _d266322 |
||